000 02446nab a2200277 i 4500
003 BR-BrBNA
005 20250129164822.0
008 250129b2012 bl.qr|pooa||| 00| 0 por |
040 _aBR-BrBNA
_bpor
072 _aF70
100 _aMarinero, Felipe Eduardo Cordeiro
100 _aRodrigues, William A.
100 _aCervi, Armando Carlos
245 _aManettia (Rubiaceae) no estado do Paraná, Brasil
500 _aPublicação on-line; 18 ref.; 7 illus.; Summaries (En, Pt)
520 _a Resumo O presente trabalho é um estudo taxonômico do gênero Manettia Mutis ex L. (Rubiaceae) no estado do Paraná, Brasil. Chave de identificação, mapas de distribuição geográfica, estado de conservação conforme os critérios da IUCN e ilustrações foram apresentados. Dez espécies foram verificadas para o gênero no estado: M. chrysoderma Sprague, M. congestoides Wernham, M. cordifolia Mart., M. glaziovii Wernham, M. gracilis Cham. & Schltdl., M. paraguariensis Chodat., M. paranensis Standl., M. pubescens Cham. & Schltdl., M. tweedieana K. Schum., M. verticillata Wernham, e dentre essas, M. congestoides é citada pela primeira vez para o estado do Paraná. Palavras-chave: Brasil, estado do Paraná, Manettia, Rubiaceae, taxonomia.
520 _a Abstract This paper presents a taxonomic study of the genus Manettia Mutis ex L. in Paraná state (southern Brazil). Identification keys, geographic distribution maps, conservation status according to IUCN criteria, illustrations and photographs are presented. Ten species were reported for the state: M. chrysoderma Sprague, M. congestoides Wernham, M. cordifolia Mart., M. glaziovii Wernham, M. gracilis Cham. & Schltdl., M. paraguariensis Chodat., M. paranensis Standl., M. pubescens Cham. & Schltdl., M. tweedieana K. Schum., M. verticillata Wernham. Of these, M. congestoides is recorded for the first time for the southern region of Brazil. Key words: Brazil, Manettia, Rubiaceae, Paraná state, taxonomy.
650 _aRUBIACEAE
650 _aTAXONOMIA
650 _aBRASIL
650 _aPARANÁ
773 0 _0709
_9347388
_dRio de Janeiro-RJ Jardim Botanico do Rio de Janeiro 1935
_o2024-8391
_tRodriguésia (Brazil)
_x0370-6583; 2175-7860 on-line
_gv. 63(3) p. 635-647; (2012)
_wBR2024002964
856 _uhttps://www.scielo.br/j/rod/a/tSBP9Y3hMRF8Dtx4FdGcqWD/?format=pdf&lang=pt
942 _cANA
999 _c329726
_d329726